Politica e società : studi in onore di Luciano Cavalli /
Saved in:
| Other Authors: | , |
|---|---|
| Format: | Book |
| Language: | Italian |
| Published: |
Padova :
CEDAM,
1997.
|
| Subjects: | |
| Tags: |
Add Tag
No Tags, Be the first to tag this record!
|
| LEADER | 01302nam a2200337 a 4500 | ||
|---|---|---|---|
| 001 | 007775130-2 | ||
| 005 | 20020606104010.5 | ||
| 008 | 980507s1997 it b 010 0 ita | ||
| 010 | |a 98147818 | ||
| 020 | |c L80000. | ||
| 035 | 0 | |a ocm38746285 | |
| 040 | |a DLC |c DLC | ||
| 043 | |a e-it--- | ||
| 050 | 0 | 0 | |a JC330.3 |b .P64 1997 |
| 245 | 0 | 0 | |a Politica e società : |b studi in onore di Luciano Cavalli / |c a cura di Gianfranco Bettin ; prefazione di Paolo Giovannini ; [scritti di Antonio Andreani ... et al.]. |
| 260 | |a Padova : |b CEDAM, |c 1997. | ||
| 300 | |a 772 p. ; |c 25 cm. | ||
| 500 | |a At head of title: Università degli studi di Firenze, Facoltà di scienze politiche "Cesare Alfieri." | ||
| 504 | |a "Bibliografia di Luciano Cavalli, 1956-1996"--P. [755]-769. | ||
| 504 | |a Includes bibliographical references. | ||
| 650 | 0 | |a Political leadership. | |
| 650 | 0 | |a Elite (Social sciences) | |
| 650 | 0 | |a Democracy. | |
| 650 | 0 | |a Sociology. | |
| 651 | 0 | |a Italy |x Politics and government |y 20th century. | |
| 700 | 1 | |a Cavalli, Luciano. | |
| 700 | 1 | |a Bettin, Gianfranco, |d 1940- | |
| 776 | 0 | 8 | |i Online version: |t Politica e società. |d Padova : CEDAM, 1997 |w (OCoLC)607020589 |
| 776 | 0 | 8 | |i Online version: |t Politica e società. |d Padova : CEDAM, 1997 |w (OCoLC)608476434 |
| 988 | |a 20020608 | ||
| 906 | |0 DLC | ||


